00772nam a2200157 a 4500008004100000050002600041110006000067245013900127260004100266300002000307500003900327650002600366995007700392999001700469952012800486150508s1991 ||||||||||||||||| || u aGOV.ZAM(05)PD/1991/89 aGovernment of the Republic of Zambia. National Assembly10aOfficial verbatim report of the parliamentary debates of the first session of the seventh National AssemblycBy the Natiional Assembly aLusaka:bThe National Assemblyc1991 avarious pagings a22nd November- 24th December, 1991 aPARLIAMENTARY DEBATES FCBU-MAIN LIBRARY (Kitwe)M1UAVAILABLEWMay 8, 2015ZZambiana Collection c52528d52528 00102lcc4070a001b001cZambiana Collectiond2022-11-30l0oGOV.ZAM(05)PD/1991/89p03005547r2022-11-30w2022-11-30y002